000 00386nam a2200133Ia 4500
008 231221s9999 xx 000 0 und d
020 _a978-0-387-72198-9
041 _aEnglish
100 _aKeith E. Mayes, Konstantinos Markantonakis
245 0 _aSmart Cards, Tokens, Security and Applications
260 _c2008
_bSpringer US
_aNew York
650 _aComputer Science
942 _cEB
999 _c218237
_d218237